| 000 | 00543nam a22001937a 4500 | ||
|---|---|---|---|
| 003 | 0 | ||
| 005 | 20231227132412.0 | ||
| 008 | 231227b xxu||||| |||| 00| 0 eng d | ||
| 020 | _a978-1508-1971-8-8 | ||
| 050 |
_aTR _bPo743 2018 |
||
| 082 |
_aTR _bPo743 2018 |
||
| 245 | _aPoems about the winter | ||
| 260 |
_aNew York _bWindmill Books _cc2018. |
||
| 300 |
_a24 pages : _bcolored illustrations ; _c22cm. |
||
| 504 | _aIncludes index. | ||
| 650 | _aWinter--juvenile literature. | ||
| 650 | _aSeasons--juvenile poetry. | ||
| 942 |
_2ddc _cBK |
||
| 999 |
_c365787 _d365787 |
||